000 01598nam a2200265Ii 4500
003 JO-AjNU
005 20240623131112.0
008 230605s9999||||xx |||||||||||||| ||und||
040 _aJO-AjNU
_bara
_erda
_cJO-AjNU
041 _aara
050 _aHJ4761.3.
_bH353 2014
100 1 _aحلالشه، نور ثابت سعيد
_964816
_eمعد
245 0 _aأثر التعديلات والأحكام الجديدة لقانون ضريبة الدخل الأردني رقم (28) لعام 2009 في الايرادات الضريبية من وجهة نظر مقدري ضريبة الدخل والمبيعات = The Impact of Amendments and New Provisons of the Jordanian Income Tax Act. No. (28) for the Year 2009 on the Tax Revenue from the View Point of Income and Sales Tax Estimators /
_cاعداد نور ثابت سعيد حلالشه ؛ اشراف أحمد محمد العمري.
260 _c2014
300 _a93 ورقة
336 _atext
_btxt
_2rdacontent
337 _aunmediated
_bn
_2rdamedia
338 _avolume
_bnc
_2rdacarrier
500 _aرسالة جامعية (ماجستير) جامعة اليرموك (إربد، الأردن)، كلية الاقتصاد والعلوم الادارية ؛ قسم المحاسبة، 2014.
501 _aتحتوي على ملاحق
504 _aتحتوي على مراجع باللغتين العربية والانجليزية
650 4 0 _aضريبة الدخل-موظفو ضريبة الدخل-قوانين وتشريعات-الاردن.
_964817
700 1 _aالعمري، محمد أحمد
_951125
_eمشرف
942 _2lcc
_cTHS
999 _c33072
_d33072